00564nam a22001932 4500001001100000005001700011008004100028020001700069040001500086100003300101245007000134250001300204260002700217300001800244650002800262650004000290700003700330852000300367000001190720151217152103.0090120s xx 000 0 eng d a1412908973 : aKABUcKABU1 aJowett, Garth S.@000016795810aPropaganda and persuasion /cGarth S. Jowett, Victoria O'Donnell. a4th ed. aLondon :bSage,c2006. axxii, 422 p. 0aPropaganda.@0000167959 0aPersuasion (Psychology)@00001480911 aO'Donnell, Victoria.@00001679601